00749cam a22001811 4500082001500000100002800015245010500043260004200148300008000190500002700270526003700297650002800334650001300362650004800375942001200423999001900435952011300454 a940.4bCHA1 aCharteris, John,95054100aField-Marshal Earl Haig,cby Brigadier-General John Charteris ... with a foreword by John Buchan ... aNew York,bC. Scribner's Sons,c1929. axii p., 1 l., 407 p.bfront., illus. (maps) plates, ports., diagrs.c24 cm. aMaps on lining-papers. a0b0c0d940_400000000000000_CHA 0aMarshalszGreat Britain 0aMCE9379 0aWorld War, 1914-1918zGreat Britain.949303 2ddccBK c553284d553284 00102ddc4070aMCEbMCEcArchive Sectiond2015-02-03l0o940.4 CHApMCE-ECE/59r2015-02-03w2015-02-03yBK